La peinture française : (Record no. 158640)
[ view plain ]
| 000 -LEADER | |
|---|---|
| campo de control de longitud fija | 01073namaa2200229 i 4500 |
| 001 - NÚMERO DE CONTROL | |
| campo de control | 158640 |
| 003 - IDENTIFICADOR DE NÚMERO DE CONTROL | |
| campo de control | ES-MaACL |
| 005 - FECHA Y HORA DE LA ÚLTIMA TRANSACCIÓN | |
| campo de control | 20230906211243.0 |
| 008 - DATOS DE LONGITUD FIJA--INFORMACIÓN GENERAL | |
| campo de control de longitud fija | 981210q1897 fr a 001 0 fre d |
| 100 1# - ENTRADA PRINCIPAL--NOMBRE DE PERSONA | |
| Nombre de persona | Mantz, Paul ( |
| Fechas asociadas al nombre | 1821-1895) |
| 9 (RLIN) | 129426 |
| 245 13 - MENCIÓN DEL TÍTULO | |
| Título | La peinture française : |
| Resto del título | du IXe siècle à la fin du XVIe / |
| Mención de responsabilidad, etc. | par Paul Mantz ; avec une introduction par Olivier Merson. |
| 260 ## - PUBLICACIÓN, DISTRIBUCIÓN, ETC. | |
| Lugar de publicación, distribución, etc. | Paris : |
| Nombre del editor, distribuidor, etc. | Société Française d'Editions d'Art, |
| Fecha de publicación, distribución, etc. | [1897] ( |
| Fabricante | Imp. Réunies Motteroz) |
| 300 ## - DESCRIPCIÓN FÍSICA | |
| Extensión | 288 p. : |
| Otras características físicas | il. ; |
| Dimensiones | 22 cm. |
| 490 1# - MENCIÓN DE SERIE | |
| Mención de serie | Bibliotheque de l'enseignement des beaux-arts / publiés sous la direction de M. Jules Comte |
| 596 ## - NOTA AL PIE DE IMPRENTA | |
| NOTA AL PIE DE IMPRENTA | En anteport.: Cet ouvrage a été déposé au Ministere de l'Intérieur en septembre 1897. |
| 650 #4 - PUNTO DE ACCESO ADICIONAL DE MATERIA--TÉRMINO DE MATERIA | |
| Término de materia o nombre geográfico como elemento de entrada | Pintura francesa- |
| Subdivisión general | Historia. |
| 9 (RLIN) | 136698 |
| 700 1# - ENTRADA AGREGADA--NOMBRE PERSONAL | |
| Nombre de persona | Comte, Jules. |
| 9 (RLIN) | 126558 |
| 700 1# - ENTRADA AGREGADA--NOMBRE PERSONAL | |
| Nombre de persona | Merson, Olivier. |
| 9 (RLIN) | 129864 |
| 830 1# - PUNTO DE ACCESO ADICIONAL DE SERIE-TÍTULO UNIFORME | |
| Título uniforme | Bibliotheque de l'enseignement des beaux-arts / publiés sous la direction de M. Jules Comte |
| 9 (RLIN) | 188171 |
| 852 4# - LOCALIZACIÓN | |
| Ubicación | ES-MaACL |
| Número de control de estantería | B-2523 |
| Nota libre | - Enc. editorial en tela |
| Estatus retirado | Estado de pérdida | Estado de daño | No para préstamo | Colección | Biblioteca de origen | Biblioteca actual | Ubicación en estantería | Fecha de adquisición | Fuente de adquisición | Total de préstamos | Signatura topográfica completa | Código de barras | Visto por última vez | Precio de reemplazo | Tipo de ítem Koha |
|---|---|---|---|---|---|---|---|---|---|---|---|---|---|---|---|
| Libros del s. XIX | Biblioteca del Ateneo de Madrid | Biblioteca del Ateneo de Madrid | Sala Pardo Bazán | 09/05/2022 | B-2523 | 1202911 | 23/02/2023 | 23/02/2023 | Libro impreso antiguo |
